| 000 | 00926nam a22002897a 4500 | ||
|---|---|---|---|
| 001 | 5095 | ||
| 003 | FISKH | ||
| 005 | 20241106092328.0 | ||
| 008 | 241106b cb ||||| |||| 00| 0 eng d | ||
| 020 | _a9781338053371 | ||
| 040 |
_aFISKH _beng _cFISKH _dFISKH |
||
| 050 | _aQE521.S539 | ||
| 082 | _a551.21 | ||
| 100 |
_aSimon, Seymour _d(1931-) |
||
| 245 |
_aDanger! volcanoes / _cSeymour Simon |
||
| 250 | _a2002 | ||
| 260 |
_aNew York : _bScholastic, _c2002. |
||
| 300 |
_a29 pages : _bColor illustrations ; _c23 cm |
||
| 505 | _aP | ||
| 520 | _aIntroduces the facts about volcanoes, what they are, why and how they erupt, different types of volcanoes found around the world, and the effects of some famous eruptions of the twentieth century. | ||
| 521 | 8 |
_a630L
_bLexile |
|
| 521 | 8 |
_aP
_bRaz-Plus |
|
| 650 |
_2Science _aVolcanoes |
||
| 651 |
_2Weather _aNon-fiction |
||
| 942 |
_2ddc _cBK _n0 |
||
| 999 |
_c5095 _d5095 |
||